| 000 | 00388nam a2200109Ia 4500 | ||
|---|---|---|---|
| 008 | 200302s9999 xx 000 0 und d | ||
| 100 | _aConcil of Architecture | ||
| 245 | _aArchiving Architectural Thesis 2015 Council of Architecture National Awards for Excellence in Architectural Thesis | ||
| 260 | _bNational Instiute for Advanced studies in Architecture | ||
| 260 | _c2019 | ||
| 300 | _a161 | ||
| 999 |
_c7423 _d7423 |
||